000 00611nam a2200229Ia 4500
003 OSt
005 20221006165120.0
006 a|||||r|||| 00| 0
007 ta
008 221006b |||||||| |||| 00| 0 hin d
024 _a5,488
037 _cTextual
040 _aFML
_cFML
_bhin
041 _2hin
_ahin
082 _aO152, 1I55:g, K5
100 _aVijayendra Snatak Au.
_9679134
245 0 _aKabir
260 _aDelhi
_bRadha Krishna Publication India
_c1965
300 _a235
_ccm.
942 _hO152, 1I55:g, K5
_cTEXL
_2CC
999 _c1119658
_d1119658